000 00266nam a2200109 a 4500
005 20140414131938.0
008 110125s19uu xx 00 eng d
050 _aER
_bC28 2001
100 _aPostgate, Daniel
245 _aCats, dogs and crocodiles.
999 _c112505
_d112505